000 00355 a2200157 4500
001 60760
020 _a9783785564615
040 _cAnchieta - Pituba
100 _aHoller, Renée
240 1 0 _aSpurensuche am Nil
_ldeu / ger
245 1 0 _aSpurensuche am Nil
300 _a119
362 0 _a2008
650 4 _aLiteratura juvenil em alemão
942 _cBK
999 _c60760
_d60760